П. Черных-Якутский : (Record no. 249306)
[ view plain ]
| 000 -LEADER | |
|---|---|
| fixed length control field | 00956nam a2200217 a 4500 |
| 001 - CONTROL NUMBER | |
| control field | 000672223 |
| 003 - CONTROL NUMBER IDENTIFIER | |
| control field | AM-YeHGA |
| 005 - DATE AND TIME OF LATEST TRANSACTION | |
| control field | 20250617142016.0 |
| 008 - FIXED-LENGTH DATA ELEMENTS--GENERAL INFORMATION | |
| fixed length control field | 090706s1964 ||| r 000 0 rus d |
| 040 ## - CATALOGING SOURCE | |
| Original cataloging agency | AM-YeHGA |
| 041 0# - LANGUAGE CODE | |
| Language code of text/sound track or separate title | rus |
| 090 ## - LOCALLY ASSIGNED LC-TYPE CALL NUMBER (OCLC); LOCAL CALL NUMBER (RLIN) | |
| -- | 250901 |
| 100 1# - MAIN ENTRY--PERSONAL NAME | |
| Personal name | Тарский, Григорий Семенович |
| 245 10 - TITLE STATEMENT | |
| Title | П. Черных-Якутский : |
| Remainder of title | Очерк жизни и творчества / |
| Statement of responsibility, etc. | Григорий Тарский; Якутская республиканская б-ка им. А.С. Пушкина. |
| 260 ## - PUBLICATION, DISTRIBUTION, ETC. | |
| Place of publication, distribution, etc. | Якутск : |
| Name of publisher, distributor, etc. | Якутск. кн. изд-во, |
| Date of publication, distribution, etc. | 1964. |
| 300 ## - PHYSICAL DESCRIPTION | |
| Extent | 63 с. : |
| Other physical details | портр. |
| 504 ## - BIBLIOGRAPHY, ETC. NOTE | |
| Bibliography, etc. note | Библиогр.: с. 47-63 |
| 600 14 - SUBJECT ADDED ENTRY--PERSONAL NAME | |
| Personal name | Черных-Якутский, Петр Никодимович |
| 653 0# - INDEX TERM--UNCONTROLLED | |
| Uncontrolled term | Якутские писатели - Биографии |
| 710 2# - ADDED ENTRY--CORPORATE NAME | |
| Corporate name or jurisdiction name as entry element | Якутская республиканская библиотека им. А.С. Пушкина |
| Withdrawn status | Lost status | Damaged status | Not for loan | Collection | Home library | Current library | Date acquired | Cost, normal purchase price | Total checkouts | Full call number | Barcode | Date last seen | Price effective from | Koha item type | Public note |
|---|---|---|---|---|---|---|---|---|---|---|---|---|---|---|---|
| General | Fundamental Scientific Library | Fundamental Scientific Library | 29/12/2016 | 2.00 | PI/11983 | FL0117028 | 29/12/2016 | 29/12/2016 | Գրքեր / Books | 30 Days Loan |
ՀՀ Գիտությունների ազգային ակադեմիայի հիմնարար գիտական գրադարան = Fundamental Scientific Library of NAS RA
All site content, except where otherwise noted, is licensed under a